Name 10 European Countries: Level 1 - Statistics

General Stats
  • This quiz has been taken 1,014 times
  • The average score is 9 of 10
Answers on the Map
Answers color-coded by a green-red scale on the quiz's map according to % correct below.
 
Answer Stats
Country % Correct
Germany
94%
United Kingdom
94%
France
93%
Italy
93%
Russia
93%
Spain
91%
Norway
89%
Poland
89%
Portugal
88%
Sweden
88%
Ireland
87%
Denmark
85%
Greece
83%
Iceland
83%
Ukraine
82%
Austria
80%
Vatican City
76%
Romania
75%
No matching quizzes found
Score Distribution
Percent of People with Each Score
Percentile by Number Answered
Your Score History
You have not taken this quiz